| 000 -LEADER |
| fixed length control field |
04136nam a22005055i 4500 |
| 001 - CONTROL NUMBER |
| control field |
978-3-031-36476-1 |
| 003 - CONTROL NUMBER IDENTIFIER |
| control field |
DE-He213 |
| 005 - DATE AND TIME OF LATEST TRANSACTION |
| control field |
20250103112331.0 |
| 007 - PHYSICAL DESCRIPTION FIXED FIELD--GENERAL INFORMATION |
| fixed length control field |
cr nn 008mamaa |
| 008 - FIXED-LENGTH DATA ELEMENTS--GENERAL INFORMATION |
| fixed length control field |
230713s2023 sz | s |||| 0|eng d |
| 020 ## - INTERNATIONAL STANDARD BOOK NUMBER |
| International Standard Book Number |
9783031364761 |
| -- |
978-3-031-36476-1 |
| 024 ## - OTHER STANDARD IDENTIFIER |
| Standard number or code |
10.1007/978-3-031-36476-1 |
| Source of number or code |
doi |
| 050 ## - LIBRARY OF CONGRESS CALL NUMBER |
| Classification number |
JZ2-6530 |
| 072 ## - SUBJECT CATEGORY CODE |
| Subject category code |
JPS |
| Source |
bicssc |
| 072 ## - SUBJECT CATEGORY CODE |
| Subject category code |
POL011000 |
| Source |
bisacsh |
| 072 ## - SUBJECT CATEGORY CODE |
| Subject category code |
JPS |
| Source |
thema |
| 082 ## - DEWEY DECIMAL CLASSIFICATION NUMBER |
| Classification number |
327.101 |
| Edition number |
23 |
| 100 ## - MAIN ENTRY--PERSONAL NAME |
| Personal name |
González Levaggi, Ariel. |
| Relator term |
author. |
| Relationship |
aut |
| -- |
http://id.loc.gov/vocabulary/relators/aut |
| 245 ## - TITLE STATEMENT |
| Title |
Great Power Competition in the Southern Oceans |
| Medium |
[electronic resource] : |
| Remainder of title |
From the Indo-Pacific to the South Atlantic / |
| Statement of responsibility, etc. |
by Ariel González Levaggi. |
| 250 ## - EDITION STATEMENT |
| Edition statement |
1st ed. 2023. |
| 260 ## - PUBLICATION, DISTRIBUTION, ETC. |
| Place of publication, distribution, etc. |
Cham : |
| Name of publisher, distributor, etc. |
Springer Nature Switzerland : |
| -- |
Imprint: Palgrave Macmillan, |
| Date of publication, distribution, etc. |
2023. |
| 300 ## - PHYSICAL DESCRIPTION |
| Extent |
XVII, 269 p. 3 illus., 2 illus. in color. |
| Other physical details |
online resource. |
| 336 ## - CONTENT TYPE |
| Content type term |
text |
| Content type code |
txt |
| Source |
rdacontent |
| 337 ## - MEDIA TYPE |
| Media type term |
computer |
| Media type code |
c |
| Source |
rdamedia |
| 338 ## - CARRIER TYPE |
| Carrier type term |
online resource |
| Carrier type code |
cr |
| Source |
rdacarrier |
| 347 ## - DIGITAL FILE CHARACTERISTICS |
| File type |
text file |
| Encoding format |
PDF |
| Source |
rda |
| 490 ## - SERIES STATEMENT |
| Series statement |
Palgrave Studies in Maritime Politics and Security, |
| International Standard Serial Number |
2730-7980 |
| 505 ## - FORMATTED CONTENTS NOTE |
| Formatted contents note |
Chapter 1: Between threats and capabilities: maritime strategies in the era of great power competition -- Part 1: Maritime Strategies of Great Powers in the 21st Century -- Chapter 2: United States: naval hegemony faces the Eurasian challenge -- Chapter 3: People's Republic of China: the ‘blue’ dream of a maritime challenger -- Chapter 4: Russia’s maritime strategy: between naval modernization and power projection -- Chapter 5: Republic of India: a democratic power with maritime aspirations -- Part 2: Naval Competition in the Oceans of the Global South -- Chapter 6: Indo-Pacific: clash of the titans -- Chapter 7: The South Atlantic and the global strategic competition. |
| 520 ## - SUMMARY, ETC. |
| Summary, etc. |
Great power competition is the watermark of the current global scenario. In this regard, the maritime and naval dimension have a particular relevance on the struggle for regional and global hegemony. This book has the potential to engage with multiple audiences, since develops an analytic approach to understand naval great power competition in the maritime spaces of the Global South. It is set within a neoclassical realism approach, while engaging literature from international relations, international security, and studies on the Indo-Pacific and the South Atlantic security dynamics. The book offers a unique conceptual framework to understand how great powers select their maritime strategies, presents a series of regional and global maritime strategies by the United States, China, Russia and India, while assess their impact in the Southern Oceans, focusing in the Indo-Pacific realm and the South Atlantic. Dr. Ariel González Levaggi is Associate Professor at the Department of Political Sciences and International Relations of the Faculty of Social Sciences, Pontifical Catholic University of Argentina. He is also Senior Researcher at the Center for Research and Strategic Studies of the Argentine Navy, Associate Researcher of the regional think tank CRIES, Co-Chair of the Section ‘Asia and the Americas’ at the Latin American Studies Association (LASA) and Senior Associate (Non- Resident) at the Americas Program of the Center for Strategic and International Studies (CSIS). . |
| 650 ## - SUBJECT ADDED ENTRY--TOPICAL TERM |
| Topical term or geographic name entry element |
International relations. |
| 650 ## - SUBJECT ADDED ENTRY--TOPICAL TERM |
| Topical term or geographic name entry element |
Security, International. |
| 650 ## - SUBJECT ADDED ENTRY--TOPICAL TERM |
| Topical term or geographic name entry element |
International Relations Theory. |
| 650 ## - SUBJECT ADDED ENTRY--TOPICAL TERM |
| Topical term or geographic name entry element |
International Security Studies. |
| 710 ## - ADDED ENTRY--CORPORATE NAME |
| Corporate name or jurisdiction name as entry element |
SpringerLink (Online service) |
| 773 ## - HOST ITEM ENTRY |
| Title |
Springer Nature eBook |
| 776 ## - ADDITIONAL PHYSICAL FORM ENTRY |
| Relationship information |
Printed edition: |
| International Standard Book Number |
9783031364754 |
| 776 ## - ADDITIONAL PHYSICAL FORM ENTRY |
| Relationship information |
Printed edition: |
| International Standard Book Number |
9783031364778 |
| 776 ## - ADDITIONAL PHYSICAL FORM ENTRY |
| Relationship information |
Printed edition: |
| International Standard Book Number |
9783031364785 |
| 830 ## - SERIES ADDED ENTRY--UNIFORM TITLE |
| Uniform title |
Palgrave Studies in Maritime Politics and Security, |
| International Standard Serial Number |
2730-7980 |
| 856 ## - ELECTRONIC LOCATION AND ACCESS |
| Uniform Resource Identifier |
<a href="https://doi.org/10.1007/978-3-031-36476-1">https://doi.org/10.1007/978-3-031-36476-1</a> |
| 912 ## - |
| -- |
ZDB-2-POS |
| 912 ## - |
| -- |
ZDB-2-SXPI |